Cartilla de legislación marítima
Saved in:
| Hovedforfatter: | |
|---|---|
| Format: | Bog |
| Sprog: | spansk |
| Udgivet: |
Valparaíso
Escuela Naval Arturo Prat
1958
|
| Fag: | |
| Tags: |
Tilføj Tag
Ingen Tags, Vær først til at tagge denne postø!
|
MARC
| LEADER | 00000nam a2200000 a 4500 | ||
|---|---|---|---|
| 001 | UCS3311 | ||
| 003 | CL-VaPUC | ||
| 008 | 970620e19580000CL |||||||||||||||||spa|d | ||
| 082 | 0 | 4 | |a 343.096 |b VIO |2 21 |
| 100 | 0 | |a Vío Valdivieso, Francisco |e author |9 389331 | |
| 245 | 1 | 0 | |a Cartilla de legislación marítima |
| 300 | |a 2 v | ||
| 942 | |c BK | ||
| 945 | |d 19970620 00:00:00 |a lriquelm | ||
| 260 | |a Valparaíso |b Escuela Naval Arturo Prat |c 1958 | ||
| 500 | |a v.1: Estudio de la legislacion chilena | ||
| 500 | |a v.2: Estudio de las normas internacionales que rigen la vida maritima | ||
| 600 | 0 | |a Marina mercante |9 389295 | |
| 650 | 0 | |a Transporte marítimo |9 260127 | |
| 650 | 7 | |a LEGISLACION |2 CL-VaPUC |9 389332 | |
| 650 | 0 | |a Derecho marítimo |9 255301 | |
| 650 | 7 | |a NAVES |2 CL-VaPUC |9 380983 | |
| 650 | 0 | |a Armadores |9 371808 | |
| 650 | 7 | |a TRABAJADORES MARITIMOS |2 CL-VaPUC |9 389225 | |
| 650 | 0 | |a Aduanas |9 255492 | |
| 650 | 0 | |a Política internacional |9 255813 | |
| 650 | 7 | |a SERVICIO NACIONAL DE SALUD |2 CL-VaPUC |9 389333 | |
| 650 | 7 | |a CAPITAN DE BUQUE |2 CL-VaPUC |9 389296 | |
| 583 | |a last modification |c 19970620 00:00:00 |k Rodrigo Vera | ||
| 999 | |c 261052 |d 261050 | ||
| 952 | |0 0 |1 0 |4 0 |6 343_096000000000000_VIO_1958 |7 0 |8 P |9 287828 |a BIBDER |b BIBDER |d 2019-11-19 |h v1-2 |i 1866826 |o 343.096 VIO 1958 |p 1866826 |r 2023-01-25 |w 2019-11-19 |y BK |k DER | ||